000 007090000a22001210004500
100 1 _aMoreno Palacios, Ana Cristina.
245 1 0 _aAntioquia le apuesta a un desarrollo más equilibrado.
300 _ano.22 (Jul., 2010). p, 82-85
520 _aAl iniciar la lectura del plan de desarrollo 2008-2011, "Antioquia para todos. Manos a la obra", se evidencia el compromiso de la administración actual del departamento por combatir la pobreza, considerado el principal reto de su política pública. El objetivo es claro: convertir el círculo vicioso de pobreza e inequidad en un circulo virtuoso.
650 1 4 _aDESARROLLO DE LA COMUNIDAD
773 0 _tRevista Observar: informe de coyuntura social
942 _cANA
999 _c63141
_d63141